| 000 | 00734nam a2200193 i 4500 | ||
|---|---|---|---|
| 001 | 136802 | ||
| 003 | ES-MaACL | ||
| 005 | 20251222184316.0 | ||
| 007 | t| | ||
| 008 | 070214s1972 sp r ||||1| spa d | ||
| 100 | 1 |
_aSaiz Valdivieso, Alfonso Carlos. _9101629 |
|
| 245 | 1 | 3 |
_aLa fiesta taurina _b: (una pasión ibérica)... / Alfonso Carlos Saiz Valdivielso, con la colaboración de Antonio S. de Navas ("Claridades") [y otros] ; prologado por Antonio Bienvenida. |
| 260 |
_aBilbao : _bProyección, _c1972. |
||
| 300 |
_a430 p., 20 lám. col. : _bil. ; _c28 cm. |
||
| 650 | 4 |
_aCorridas de toros. _911370 |
|
| 700 |
_aBienvenida, Antonio, _d1922-1975 _9236922 |
||
| 852 |
_aES-MaACL _jC-43306 _bR.82611 |
||
| 999 |
_c136802 _d136802 |
||